=LDR 00000nam 2200000 4500 =001 INLIS000000000027033 =005 20130612125435 =008 ***********************************Ind** =035 ##$$0010-061300000027033 =041 ##$$a Ind =082 ##$$a 028.5 =090 ##$$a 028.5, Sol m =100 ##$$a Soleh, Sari Pusparini =245 ##$$a Masa senja putra fajar 1963-1970, Sari Pusparini Soleh =250 ##$$a Seri biografi Bung Karno =260 ##$$a 2005 $b Bandung =300 ##$$a vi, 65 hlm, ilus, 28 cm =650 ##$$a Bacaan anak-anak-Bung Karno =850 ##$$a NBPNMAT